Normal view
MARC view
Entry Personal Name
001 - CONTROL NUMBER
- control field: 45000
003 - CONTROL NUMBER IDENTIFIER
- control field: ARRUPE
005 - DATE AND TIME OF LATEST TRANSACTION
- control field: 20190306090822.0
008 - FIXED-LENGTH DATA ELEMENTS
- fixed length control field: 190306|| aca||aabn | a|a d
040 ## - CATALOGING SOURCE
- Original cataloging agency: ARRUPE
- Transcribing agency: ARRUPE
100 ## - HEADING--PERSONAL NAME
- Personal name: Toscano, Alberto,
- Dates associated with a name: 1977-
- Relator term: editor,
- Relator term: translator.
670 ## - SOURCE DATA FOUND
- Source citation: Work cat.: (ARRUPE)0: Badiou, Alain, author. 44997, Theoretical writings /, 2004